00479 2200193 4500001002100000005001500021035002000036008004100056245005200097100001900149250000600168260003600174300001100210084001600221082001000237650001400247990001200261990001200273INLIS00000000000033720240503082210 a0010-0424000313240503 0 ind 1 aBimbingan Shalat Jumat Lengkap /cKhabib Basori aBasori, Khabib a1 aJakarta :bCempaka Putih,c2016 a44 hlm a2X4.1 KHA b a2X4.1 4aNon Fiksi a0728724 a0728725